A quels sons appartiennent ces paroles (Werenoi) - Statistiques

Statistiques générales
  • Ce quiz a été pris 496 fois
  • Le résultat moyen est 7 sur 10
Statistiques - réponses
Question Réponse % Correct
Le coeur est rempli d'haine, le cou est rempli de chaînes J'fais que des signes d'appartenance à un gang avant d'les faire Triple V (ft Ninho, Damso)
93%
Ils parleront sur mon dos, mais ça je l'sais Tu m'as vu faire, tu leur dis que j'mens Maudit (ft Hamza)
92%
Le coeur de l'humain est noir Le plus noir c'est celui des proches Faf
80%
Les ennemis, faut les traumatiser, faut les assimiler, faut les éliminer Tu dis, tu vends, mais t'as pas assimilé, un peu de sous, tu fais l'illuminé 16.02.2024
72%
Les grosses 'teilles, les grosses payes, les soirées, les gros gang-bang Bang
71%
Et si le prix du poignet dépasse les 50k Elle va vite s'attacher, elle va plus s'éloigner Saison (ft HMZ)
70%
Tu m'aurais jamais vu aux Flammes si j'était sûr de gagner l'trophée Intro Morphée
68%
J'savoure mon succès, Mais, vu qu'c'est payant, c'est moins bon First
65%
On arrive en Co-orvette J'les vois, il divaguent L'étau se resserre L'alcool j'le dilate Ordinateur
58%
Ils m'guettent d'un air mesquin, ils ont la haine Ils ne croient pas au destin, ils veulent nos vies L'or er la pierre
52%
Aucun quiz correspondant
Distribution des résultats
% des personnes avec chaque résultat
Percentile par nombre de réponses
Votre historique - résultats
Vous n’avez pas pris ce quiz